| 000 | 00861cab a22001935a 4500 | ||
|---|---|---|---|
| 001 | L147502 | ||
| 008 | 090519e20090515xxkbd f 000 0 eng d | ||
| 035 | _a(Sirsi) u147502 | ||
| 041 | 0 | _aeng | |
| 100 | 1 | _aMcAllister, Sean | |
| 245 | 0 | 0 |
_aSpecial report _brural |
| 260 | _c2009 | ||
| 490 |
_aProperty Week _v75(20) 15 May 2009, 69-73(4) |
||
| 520 | _aLooks at the attraction to investors of farmland?s robust, seemingly recession-proof values and provides a note on when rural landowners rent out land to farmers. Discusses the Crown Estate?s asset management strategy which is getting better returns from its rural portfolio than its prestige urban estate in Regent Street, London. Charts. Map. | ||
| 590 | _aKA | ||
| 651 | 4 |
_aUnited Kingdom _y |
|
| 690 | _aPROPERTY-RURAL AND NATURAL ASSETS-RURAL AND NATURAL ASSET FINANCE AND INVESTMENT | ||
| 942 | _n0 | ||
| 999 |
_c81550 _d81550 |
||